00475pab a2200169 454500008004000000100002200040245008100062260000900143300001600152362000800168650002000176650001800196650002200214700002000236700002000256773002900276180718b2005 xxu||||| |||| 00| 0 eng d aDrehmann, Mathias aHerding and contrarian behavior in financial markets: an internet experiment c2005 ap.1403-443. aDec aCapital markets aStock markets aFinancial markets aRoider, Andreas aOechssler, Jorg aAmerican Economic Review